Jennifer Lawrence Movies - Statistics

General Stats
  • This quiz has been taken 2,475 times
    61 since last reset
  • The average score is 11 of 27
Answer Stats
Hint Answer % Correct
2012 The Hunger Games
96%
2013 The Hunger Games: Catching Fire
85%
2014 The Hunger Games: Mockingjay - Part 1
79%
2015 The Hunger Games: Mockingjay - Part 2
77%
2012 Silver Linings Playbook
67%
2016 Passengers
58%
2015 Joy
52%
2023 No Hard Feelings
50%
2018 Red Sparrow
50%
2010 Winter's Bone
50%
2021 Don't Look Up
48%
2017 Mother!
48%
2014 X-Men: Days of Future Past
48%
2011 X-Men: First Class
46%
2013 American Hustle
42%
2019 X-Men: Dark Phoenix
35%
2025 Die My Love
33%
2016 X-Men: Apocalypse
31%
2012 House at the End of the Street
25%
2014 Serena
25%
2011 The Beaver
17%
2022 Causeway
15%
2008 The Poker House
13%
2011 Like Crazy
12%
2013 The Devil You Know
8%
2008 Garden Party
6%
2008 The Burning Plain
4%
No matching quizzes found
Score Distribution
Percent of People with Each Score
Percentile by Number Answered
Your Score History
You have not taken this quiz since the last reset